00415pab a2200145 454500008004000000100001400040245007000054260000900124300001300133362001100146650004100157650001600198700002100214773003400235180718b2012 xxu||||| |||| 00| 0 eng d aRaghu, K. aFavouring the rich: Domestic electricity tariff in Andhra Pradesh c2012 ap.19-22. a18 Aug aElectricity - India - Andhra Pradesh aElectricity aReddy, M. Thimma aEconomic and Political Weekly